[Event "BIH-chT1"]
[Site "Dvorovi"]
[Date "2016.08.13"]
[Round "8"]
[White "Kuzmanovic, Slobodan"]
[Black "Miljkovic, Milan"]
[Result "1/2-1/2"]
[WhiteElo "2118"]
[BlackElo "2162"]
[PlyCount "224"]
[EventDate "2016.08.06"]
[EventType "team-tourn"]
[EventRounds "9"]
[EventCountry "BIH"]
[SourceTitle "CBM 174 Extra"]
[Source "ChessBase"]
[SourceDate "2016.10.10"]
[SourceVersion "1"]
[SourceVersionDate "2016.10.10"]
[SourceQuality "1"]

1. e4 e6 2. d4 d5 3. Nd2 dxe4 4. Nxe4 Nf6 5. Bd3 Nbd7 6. Qe2 Be7 7. Nf3 0-0 8. Bg5 Re8 9. 0-0-0 Nf8 10. Ne5 Nxe4 11. Bxe7 Nc3 12. Bxd8 Nxe2+ 13. Bxe2 Rxd8 14. Bf3 f6 15. Nc4 Rb8 16. Na5 Rd6 17. Rd3 Ra6 18. Ra3 Kf7 19. Rd1 Bd7 20. Nxb7 Rxa3 21. bxa3 Ke7 22. Rd3 Bc8 23. Rc3 Kd7 24. Bc6+ Ke7 25. Na5 Rb6 26. Ba4 Ra6 27. Rxc7+ Kd8 28. Rc5 Bd7 29. Bb3 Rb6 30. g3 Ng6 31. f4 Ne7 32. c3 Nc8 33. Nc4 Rb7 34. Bc2 g6 35. Be4 Rb8 36. h4 Bb5 37. Nd2 Nd6 38. a4 Bxa4 39. Ra5 Bd7 40. Bd3 Rc8 41. Kb2 Rc7 42. h5 gxh5 43. Rxh5 Rb7+ 44. Kc2 f5 45. Nb3 Ba4 46. c4 Rg7 47. Rh3 h5 48. Kc3 Bc6 49. d5 exd5 50. Nd4 Bd7 51. cxd5 Rg8 52. Ne2 Rh8 53. Kd4 Ke7 54. Ke3 Kf6 55. Nc3 Re8+ 56. Kd4 Rh8 57. Ke3 Rc8 58. Ne2 Be8 59. Kd4 Bf7 60. Rh1 Rd8 61. Rc1 Nc8 62. Rc6+ Ke7 63. Bxf5 Rxd5+ 64. Ke3 Nd6 65. Bd3 Ra5 66. Nc3 Kd7 67. Ra6 Rxa6 68. Bxa6 Nf5+ 69. Kf2 Kc6 70. Bd3 Nd6 71. Ke3 Kc5 72. a3 Nc4+ 73. Bxc4 Kxc4 74. Ne4 Kd5 75. Ng5 Bg6 76. Nf3 a5 77. Nd4 Bb1 78. Nb3 a4 79. Nd2 Bh7 80. Kf3 Bg6 81. Nf1 Kd4 82. Ne3 Be4+ 83. Kf2 Bc6 84. Nf5+ Ke4 85. Ng7 h4 86. Ne6 Bd5 87. Nc5+ Kf5 88. Nxa4 Kg4 89. gxh4 Kxf4 90. Nc3 Bb3 91. Ne2+ Kg4 92. Nd4 Bd1 93. Ke1 Ba4 94. Kd2 Kxh4 95. Kc3 Kg4 96. Kb4 Bd1 97. Nb3 Kf4 98. a4 Bf3 99. a5 Ke5 100. Kb5 Kd6 101. Kb6 Be2 102. Nd2 Bd3 103. Nb3 Bc4 104. Nc5 Be2 105. Ne4+ Kd7 106. Ng5 Bd3 107. Nf7 Bf1 108. Ne5+ Kd6 109. Ng4 Bd3 110. Ne3 Be2 111. Nc2 Bf1 112. Nb4 Be2 1/2-1/2

[Event "BIH-chT1"]
[Site "Dvorovi"]
[Date "2016.08.12"]
[Round "7"]
[White "Miljkovic, Milan"]
[Black "Puric, Nenad"]
[Result "0-1"]
[WhiteElo "2162"]
[BlackElo "2194"]
[PlyCount "68"]
[EventDate "2016.08.06"]
[EventType "team-tourn"]
[EventRounds "9"]
[EventCountry "BIH"]
[SourceTitle "CBM 174 Extra"]
[Source "ChessBase"]
[SourceDate "2016.10.10"]
[SourceVersion "1"]
[SourceVersionDate "2016.10.10"]
[SourceQuality "1"]

1. d4 d5 2. Nf3 Bf5 3. c4 e6 4. Nc3 c6 5. cxd5 exd5 6. e3 Bd6 7. Bd3 Bxd3 8. Qxd3 Nf6 9. 0-0 0-0 10. e4 dxe4 11. Nxe4 Nxe4 12. Qxe4 Re8 13. Qg4 Qd7 14. Qh5 f6 15. Bd2 Na6 16. d5 c5 17. Bc3 Qf7 18. Qf5 Nc7 19. Rad1 Rad8 20. Kh1 Bf8 21. d6 Rxd6 22. Rxd6 Bxd6 23. Rd1 Qe6 24. Qd3 Bf8 25. a4 Qe4 26. Qd7 Re7 27. Qc8 Qxa4 28. b3 Qxb3 29. Rd8 Ne6 30. Re8 Rxe8 31. Qxe8 Qd5 32. h4 a6 33. h5 Nf4 34. Kg1 Qe6 0-1

[Event "BIH-chT Seniors"]
[Site "Mosko"]
[Date "2015.08.14"]
[Round "5"]
[White "Miljkovic, Milan"]
[Black "Jovanovic, Zeljko"]
[Result "1-0"]
[WhiteElo "2167"]
[BlackElo "2180"]
[PlyCount "80"]
[EventDate "2015.08.10"]
[EventType "team-tourn"]
[EventRounds "9"]
[EventCountry "BIH"]
[SourceTitle "EXT 2016"]
[Source "ChessBase"]
[SourceDate "2015.10.08"]
[SourceVersion "1"]
[SourceVersionDate "2015.10.08"]
[SourceQuality "1"]

1. d4 Nf6 2. c4 g6 3. Nc3 Bg7 4. e4 d6 5. Nge2 0-0 6. g3 Nfd7 7. Bg2 e5 8. 0-0 exd4 9. Nxd4 Ne5 10. b3 c6 11. h3 Na6 12. Kh1 Nc5 13. Be3 a5 14. Qc2 Ned7 15. Rfd1 Qe7 16. Re1 Nf6 17. Rad1 Re8 18. Bg5 h6 19. Bc1 Be6 20. Ba3 Nfd7 21. f4 Nf8 22. Re2 a4 23. b4 Bxc4 24. bxc5 Bxe2 25. Ncxe2 dxc5 26. Bxc5 Qc7 27. e5 Rad8 28. Rb1 Nd7 29. Bd6 Qa5 30. Rxb7 c5 31. Nc6 Qe1+ 32. Kh2 Nxe5 33. Bxe5 Rd2 34. Qc4 Rf8 35. Nc3 Qf2 36. Qe4 Re8 37. Ne7+ Kh7 38. Nxg6 Qxg2+ 39. Qxg2 Rxg2+ 40. Kxg2 Kxg6 1-0

[Event "BIH-chT Seniors"]
[Site "Mosko"]
[Date "2015.08.12"]
[Round "3"]
[White "Kijac, Ljubomir"]
[Black "Miljkovic, Milan"]
[Result "0-1"]
[WhiteElo "1914"]
[BlackElo "2167"]
[PlyCount "84"]
[EventDate "2015.08.10"]
[EventType "team-tourn"]
[EventRounds "9"]
[EventCountry "BIH"]
[SourceTitle "EXT 2016"]
[Source "ChessBase"]
[SourceDate "2015.10.08"]
[SourceVersion "1"]
[SourceVersionDate "2015.10.08"]
[SourceQuality "1"]

1. e4 e6 2. Nc3 d5 3. exd5 exd5 4. d4 Nf6 5. Nf3 Bg4 6. Be2 Bd6 7. Be3 c6 8. Ne5 Bxe2 9. Qxe2 0-0 10. 0-0-0 Nbd7 11. f4 Bb4 12. Nb1 Ne4 13. c3 Bd6 14. Nd2 Nxd2 15. Qxd2 Nf6 16. g4 Ne4 17. Qg2 f6 18. Nd3 Re8 19. Rde1 Qa5 20. Kb1 Qb5 21. Qc2 Re7 22. g5 Rae8 23. Bc1 fxg5 24. fxg5 Qa5 25. h4 b5 26. b4 Qc7 27. h5 a5 28. g6 h6 29. a3 a4 30. Kb2 Qd7 31. Qg2 Ng3 32. Rxe7 Rxe7 33. Re1 Rxe1 34. Nxe1 Qf5 35. Nf3 Qxh5 36. Be3 Qxg6 37. Ne5 Bxe5 38. dxe5 Kh7 39. Bc5 Ne4 40. Qh3 Qg5 41. e6 Qd2+ 42. Ka1 Qc1+ 0-1

[Event "BIH-chT Seniors"]
[Site "Mosko"]
[Date "2015.08.11"]
[Round "2"]
[White "Miljkovic, Milan"]
[Black "Adzic, Mitar"]
[Result "0-1"]
[WhiteElo "2167"]
[BlackElo "2061"]
[PlyCount "102"]
[EventDate "2015.08.10"]
[EventType "team-tourn"]
[EventRounds "9"]
[EventCountry "BIH"]
[SourceTitle "EXT 2016"]
[Source "ChessBase"]
[SourceDate "2015.10.08"]
[SourceVersion "1"]
[SourceVersionDate "2015.10.08"]
[SourceQuality "1"]

1. d4 Nf6 2. c4 e6 3. Nc3 Bb4 4. Qb3 Bxc3+ 5. bxc3 b6 6. a4 a5 7. Nf3 d6 8. g3 Bb7 9. Bg2 0-0 10. 0-0 Nbd7 11. Re1 Re8 12. Ba3 Qc8 13. Nd2 Bxg2 14. Kxg2 e5 15. e4 h5 16. f3 Nf8 17. dxe5 Rxe5 18. Qc2 Ng6 19. Nf1 h4 20. Ne3 Qd7 21. Rad1 Rae8 22. c5 bxc5 23. c4 Rg5 24. Nf5 hxg3 25. hxg3 Nf4+ 26. Kf2 Ne6 27. Bc1 Rh5 28. Rh1 Nd4 29. Nxd4 cxd4 30. Rxh5 Nxh5 31. Rh1 Nf6 32. Bg5 Nh7 33. Bd2 Qc6 34. e5 Nf8 35. exd6 Qxd6 36. Qf5 Qe5 37. Qxe5 Rxe5 38. Re1 Rc5 39. Re8 f6 40. Ra8 Kf7 41. Rxa5 Rxc4 42. Ke2 Nd7 43. Ra7 Ke6 44. a5 c5 45. Ra8 Ra4 46. f4 c4 47. g4 c3 48. Be1 Nc5 49. Rd8 d3+ 50. Kf3 d2 51. f5+ Ke7 0-1

[Event "Srpska Republic-chT 1st League"]
[Site "Banja Vrucica"]
[Date "2014.08.12"]
[Round "4.5"]
[White "Miljkovic, Milan"]
[Black "Blesic, Vaso"]
[Result "1-0"]
[WhiteElo "2168"]
[BlackElo "2375"]
[PlyCount "77"]
[EventDate "2014.08.09"]
[EventType "team-tourn"]
[EventRounds "9"]
[EventCountry "BIH"]
[SourceTitle "EXT 2016"]
[Source "ChessBase"]
[SourceDate "2015.10.08"]
[SourceVersion "1"]
[SourceVersionDate "2015.10.08"]
[SourceQuality "1"]
[WhiteTeam "Gacko Mladost"]
[BlackTeam "Derventa"]
[WhiteTeamCountry "BIH"]
[BlackTeamCountry "BIH"]

1. e4 c5 2. Nf3 g6 3. d4 cxd4 4. Nxd4 Nc6 5. Nxc6 bxc6 6. Bc4 Bg7 7. 0-0 e6 8. Re1 d6 9. Nc3 Ne7 10. Bf4 e5 11. Bg5 h6 12. Be3 f5 13. f3 f4 14. Bf2 Bb7 15. Qd3 d5 16. exd5 cxd5 17. Bb3 Qa5 18. Bd4 Ba6 19. Qd2 Nc6 20. Qxf4 0-0-0 21. Qg4+ Kb8 22. Bf2 Rd6 23. Rad1 Rhd8 24. Rxd5 Rxd5 25. Bxd5 Ne7 26. Bb3 g5 27. Qe6 Nc8 28. h3 Rd6 29. Qf7 Qc7 30. Qxc7+ Kxc7 31. Ne4 Rg6 32. Bf7 Rc6 33. Nc5 Bf6 34. Rd1 Be2 35. Rd7+ Kb8 36. Rd2 Bb5 37. a4 Rc7 38. Bd5 Be7 39. Ne6 1-0

[Event "Vojvodina Cup"]
[Site "Sombor"]
[Date "2008.05.02"]
[Round "2.4"]
[White "Jesenski, Tibor"]
[Black "Miljkovic, Milan"]
[Result "1-0"]
[WhiteElo "2297"]
[BlackElo "1999"]
[PlyCount "159"]
[EventDate "2008.05.01"]
[EventType "team-tourn"]
[EventRounds "5"]
[EventCountry "YUG"]
[SourceTitle "EXT 2011"]
[Source "ChessBase"]
[SourceDate "2010.11.26"]
[SourceVersion "1"]
[SourceVersionDate "2010.11.26"]
[SourceQuality "1"]

1. d4 c5 2. e3 Nf6 3. c4 g6 4. Nf3 Bg7 5. Bd3 0-0 6. 0-0 d6 7. h3 Nc6 8. d5 Nb4 9. Be2 e6 10. a3 Na6 11. Nc3 exd5 12. cxd5 Nc7 13. e4 Re8 14. Bd3 b5 15. Re1 Rb8 16. Bf4 a5 17. Rc1 b4 18. axb4 axb4 19. Na4 Nfxd5 20. exd5 Rxe1+ 21. Qxe1 Nxd5 22. Bg5 Qd7 23. b3 Bb7 24. Qd2 Bc6 25. Nb2 Nc3 26. Qf4 Nd5 27. Qd2 Nc3 28. Nh2 h5 29. Re1 Re8 30. Rxe8+ Qxe8 31. Nf1 Ne4 32. Bxe4 Qxe4 33. Ne3 Bd4 34. Nbd1 f6 35. Bh6 g5 36. Qa2 Qg6 37. Qa6 Be8 38. Qc8 Kh7 39. Bf8 Be5 40. Nf5 Bf7 41. Bg7 Bg8 42. Nde3 Qf7 43. Nc4 Qe6 44. Qb7 Kg6 45. g4 d5 46. Nce3 Bd4 47. Bf8 Bf7 48. Ne7+ Kh7 49. N7xd5 hxg4 50. hxg4 Bxe3 51. Nxe3 Qxb3 52. Bxc5 Qb1+ 53. Kg2 Kg6 54. Qxb4 Qd3 55. Qd4 Qb3 56. Qe4+ Kg7 57. Bd4 Qe6 58. Nf5+ Kg6 59. Qxe6 Bxe6 60. Ne3 Bd7 61. Kf3 Bc6+ 62. Ke2 Be4 63. Kd2 Kf7 64. Kc3 Ke6 65. Kc4 Bf3 66. Kc5 Be4 67. Kb6 Bh1 68. Kc7 Ke7 69. Bc5+ Ke6 70. Kd8 Ke5 71. Ke7 Ke4 72. Kxf6 Kf3 73. Kxg5 Kxf2 74. Kf5 Bc6 75. g5 Bb5 76. Kf6 Bd3 77. Nf5+ Kf3 78. g6 Kf4 79. g7 Bc4 80. Nh6 1-0